| 000 | 01526nab a22002657a 4500 | ||
|---|---|---|---|
| 999 |
_c8627 _d8627 |
||
| 003 | AR-RoUNA | ||
| 040 |
_aAR-RoUNA _bspa |
||
| 041 |
_aspa _hspa |
||
| 044 | _aag | ||
| 110 | 1 |
_bUniversidad del Zulia. Venezuela _928 _aFacultad de Arquitectura y Diseño |
|
| 245 | 1 |
_aPortafolio : _bRevista Arbitrada por la Facultad de Arquitectura y Diseño. Universidad del Zulia _hNº 23 |
|
| 260 |
_aVenezuela, Universidad del Zulia : _bFrancisco Mustieles, _c2000 |
||
| 300 |
_a77 p. : _bdib. _bfot. byn. _bplantas _c27x21 cm |
||
| 505 |
_aHugo Rincon / EDITORIAL. p.4-5 _tLesvia Perez, Carolina Faria, Maryelvira Montiel, Joanna Medina, Rafael Segovia / Indicadores y Descriptores de la Creatividad como Competencia en la Formacion del Arquitecto. p.6-17 _tNurys Zambrano / Estrategia Didactica del Diseño Grafico para organizar Wficazmente el Mensaje Visual en lod Medios. p.18-31 _tDobrila Djukich, Sunilda Zabala, Maria Ines Mendoza / El Anuncio en el Paisaje Tipografico Urbano. p.32-41 _tLeriz Camacaro, Martza Rodriguez, Nelly Caldera, Janet Cestary / Perfil del Visitante de Negocios y/o Motivos Profesionales en Maracaibo. Segmento a Partir del Estudio Sobre la Demanda Turistica. p.42-5355 |
||
| 650 | _2Arquitectura | ||
| 650 | _2Arte | ||
| 650 | _2Diseño Grafico | ||
| 650 | _2Turismo | ||
| 773 | 0 |
_aPortaFolio _dVenezuela, Universidad del Zulia, 2000 _gvol 1 Nº 23 (ene-jun 2011) p.77 _x1317-2085 |
|
| 856 | _uwww.fad.luz.edu.ve/portafolio/ | ||
| 908 | _aImp | ||
| 942 |
_2udc _cART |
||
| 945 | _aZBK | ||